000 00595nam a22002417a 4500
003 OSt
005 20180116182959.0
008 140919b xxu||||| |||| 00| 0 eng d
020 _a9780130673350
022 _a0130673358
040 _c0
050 _a658.8342
082 _a658.8342
100 _aSchiffman,Leon G.
245 _aConsumer Behavior.
_cLeon G.Schiffman
250 _a8th.
260 _aNew Jersey
_bPearson Prentice Hall
_c2004
300 _a587p.
500 _aHard Cover
600 _aSchiffman,Leon G.
700 _aSchiffman,Leon G.
942 _2ddc
_cBK
_k658.8342
999 _c349785
_d349785